00230nam a2200085Ia 4500001000800000005001700008008004100025245005900066260001900125125170120251031150920.0251031s9999 xx 000 0 und d 0cMARKENZİE CADENHEADaŞ-1 İNANILMAZ MARBEL TAKIMI bBETA YAYINLARI